The End times / (Record no. 294)

MARC details
000 -LEADER
fixed length control field 00626nam a22002172 4500
001 - CONTROL NUMBER
control field 0000000990
005 - DATE AND TIME OF LATEST TRANSACTION
control field 20151021151050.0
008 - FIXED-LENGTH DATA ELEMENTS--GENERAL INFORMATION
fixed length control field 070222s xx 000 0 eng d
020 ## - INTERNATIONAL STANDARD BOOK NUMBER
International Standard Book Number 1854245007 :
Terms of availability KES 590
040 ## - CATALOGING SOURCE
Original cataloging agency KABU
Transcribing agency KABU
050 #0 - LIBRARY OF CONGRESS CALL NUMBER
Classification number BT821.2
Item number .H67
100 1# - MAIN ENTRY--PERSONAL NAME
Personal name Hosier, John E.
-- 0000159933
245 14 - TITLE STATEMENT
Title The End times /
Statement of responsibility, etc. John E. Hosier.
260 ## - PUBLICATION, DISTRIBUTION, ETC. (IMPRINT)
Place of publication, distribution, etc. London :
Name of publisher, distributor, etc. Monarch,
Date of publication, distribution, etc. 2000.
300 ## - PHYSICAL DESCRIPTION
Extent 185p. ;
Dimensions 20 cm.
440 #4 - SERIES STATEMENT/ADDED ENTRY--TITLE
Title The Thinking clearly series
-- 0000159934
650 #0 - SUBJECT ADDED ENTRY--TOPICAL TERM
Topical term or geographic name as entry element Eschatology.
-- 0000149465
908 ## - PUT COMMAND PARAMETER (RLIN)
Put command parameter 070222
950 ## - LOCAL HOLDINGS (RLIN)
-- 1
Holdings
Withdrawn status Lost status Source of classification or shelving scheme Not for loan Home library Current library Date acquired Total Checkouts Full call number Barcode Date last seen Date last checked out Price effective from Koha item type
    Library of Congress Classification   Kabarak, Nakuru City Campus Kabarak, Main Campus 21/10/2015 1 BT821.2 .H67 c. 1 003016 10/02/2026 10/02/2026 21/10/2015 General Collection
    Library of Congress Classification   Kabarak, Main Campus Kabarak, Main Campus 17/12/2015 2 BT821.2 .H67 000367 02/08/2024 29/11/2017 17/12/2015 General Collection
Designed with assistance from East African Informatics Ltd